[Event "AUT-chT2W 1516"]
[Site "Austria"]
[Date "2016.01.22"]
[Round "6.4"]
[White "Gaertner, Guntram"]
[Black "Rusche, Johannes"]
[Result "1/2-1/2"]
[WhiteElo "2226"]
[BlackElo "2274"]
[PlyCount "82"]
[EventDate "2015.10.16"]
[EventType "team-tourn"]
[EventRounds "11"]
[EventCountry "AUT"]
[SourceTitle "CBM 170 Extra"]
[Source "ChessBase"]
[SourceDate "2016.02.25"]
[SourceVersion "1"]
[SourceVersionDate "2016.02.25"]
[SourceQuality "1"]
[WhiteTeam "Hohenems II"]
[BlackTeam "Kufstein/Woergl"]
[WhiteTeamCountry "AUT"]
[BlackTeamCountry "AUT"]

1. d4 Nf6 2. Nf3 e6 3. Bg5 Be7 4. Nbd2 d5 5. e3 c5 6. c3 Nbd7 7. Be2 0-0 8. 0-0 Re8 9. Re1 Qb6 10. Qb3 Qc7 11. Bf4 Bd6 12. Bxd6 Qxd6 13. Bb5 Rd8 14. Bxd7 Bxd7 15. Ne5 Bc6 16. f4 a6 17. a4 Rac8 18. Qd1 Be8 19. a5 Nd7 20. Nxd7 Bxd7 21. g3 f6 22. Nb3 c4 23. Nc5 Bc6 24. b4 Rc7 25. Ra2 Re7 26. Rf2 Rde8 27. Ref1 e5 28. fxe5 fxe5 29. Qf3 h6 30. Qh5 exd4 31. exd4 Re1 32. Qf7+ Kh7 33. Kg2 Rxf1 34. Qf5+ Kg8 35. Rxf1 Re3 36. Rf3 Re2+ 37. Rf2 Re3 38. Rf3 Re2+ 39. Rf2 Re3 40. Qf7+ Kh7 41. Qf5+ Kg8 1/2-1/2

[Event "AUT-chT2W 1516"]
[Site "Austria"]
[Date "2015.11.29"]
[Round "5.3"]
[White "Ruecker, Benjamin"]
[Black "Gaertner, Guntram"]
[Result "1/2-1/2"]
[WhiteElo "2269"]
[BlackElo "2226"]
[PlyCount "153"]
[EventDate "2015.10.16"]
[EventType "team-tourn"]
[EventRounds "11"]
[EventCountry "AUT"]
[SourceTitle "EXT 2017"]
[Source "ChessBase"]
[SourceDate "2016.10.25"]
[SourceVersion "1"]
[SourceVersionDate "2016.10.25"]
[SourceQuality "1"]
[WhiteTeam "Schwarzach"]
[BlackTeam "Hohenems II"]
[WhiteTeamCountry "AUT"]
[BlackTeamCountry "AUT"]

1. d4 d5 2. c4 c6 3. Nc3 Nf6 4. e3 a6 5. Qc2 g6 6. Bd3 Bg7 7. Nf3 0-0 8. 0-0 b5 9. b3 Nbd7 10. Bb2 Bb7 11. e4 b4 12. Na4 dxe4 13. Bxe4 Nxe4 14. Qxe4 e6 15. Ne5 f5 16. Qe1 Bxe5 17. dxe5 c5 18. Rd1 Qc7 19. Rd6 Rfe8 20. Qe3 Rac8 21. Rfd1 Bc6 22. Nxc5 Nxc5 23. Qxc5 Qb7 24. Qe3 a5 25. Qg5 Qe7 26. Bc1 Qxg5 27. Bxg5 a4 28. bxa4 Bxa4 29. Rc1 Rc6 30. c5 Rec8 31. Be3 b3 32. Rxc6 Rxc6 33. axb3 Bxb3 34. Rb1 Bd5 35. Rb8+ Kg7 36. Rb7+ Kg8 37. h4 f4 38. Bxf4 Rxc5 39. Rd7 h5 40. f3 Bb3 41. Re7 Rc6 42. Rd7 Bc2 43. Rd4 Ra6 44. Kf2 Ra4 45. Rd8+ Kf7 46. Bg5 Bf5 47. Rd7+ Kf8 48. Rd2 Rc4 49. Kg3 Ra4 50. Rd8+ Kf7 51. Be3 Ra2 52. Rd7+ Ke8 53. Rd4 Re2 54. Bf4 Kf7 55. Kh2 Ra2 56. Bd2 Bc2 57. Kg3 Bb3 58. Kf4 Bd5 59. Rd3 Bc4 60. Rd7+ Ke8 61. Rd4 Bd5 62. Kg5 Kf7 63. Kh6 Rc2 64. Rf4+ Ke8 65. Rd4 Kf7 66. g3 Rc4 67. Rd3 Rc2 68. Bf4 Rc8 69. Kh7 Ra8 70. Rc3 Ra7 71. Bh6 Rb7 72. Rc8 Ke7 73. Rf8 Rb3 74. Rf6 Bxf3 75. Bf8+ Kd7 76. Kxg6 Bg4 77. Rf7+ 1/2-1/2

[Event "AUT-chT2W 1415"]
[Site "Austria"]
[Date "2014.10.11"]
[Round "2.3"]
[White "Mittelberger, Peter"]
[Black "Gaertner, Guntram"]
[Result "1-0"]
[WhiteElo "2234"]
[BlackElo "2253"]
[PlyCount "95"]
[EventDate "2014.10.10"]
[EventType "team-tourn"]
[EventRounds "11"]
[EventCountry "AUT"]
[SourceTitle "EXT 2015"]
[Source "ChessBase"]
[SourceDate "2014.11.20"]
[SourceVersion "1"]
[SourceVersionDate "2014.11.20"]
[SourceQuality "1"]
[WhiteTeam "Goetzis"]
[BlackTeam "Hohenems II"]
[WhiteTeamCountry "AUT"]
[BlackTeamCountry "AUT"]

1. Nf3 d5 2. g3 c6 3. Bg2 Nf6 4. 0-0 Bf5 5. d4 e6 6. c4 Be7 7. Ne5 Nbd7 8. Nxd7 Qxd7 9. Qb3 0-0 10. Rd1 b5 11. c5 a5 12. Bg5 a4 13. Qc3 Rfb8 14. Nd2 h6 15. Bxf6 Bxf6 16. Nf3 Qc7 17. Ne5 b4 18. Qe3 Bxe5 19. dxe5 Ra5 20. Rac1 Qa7 21. Qd4 b3 22. e4 dxe4 23. axb3 axb3 24. Rc4 Ra1 25. Rcc1 Rxc1 26. Rxc1 Qa5 27. h3 Rd8 28. Qc3 Qxc3 29. Rxc3 Rd3 30. Rxd3 exd3 31. Kf1 d2 32. Ke2 Bd3+ 33. Kxd2 Bb5 34. Kc3 Kf8 35. Be4 Ke7 36. Bd3 Kd7 37. Bc4 Kc7 38. Kxb3 Kb7 39. Kb4 Bxc4 40. Kxc4 Ka7 41. f4 h5 42. h4 Kb7 43. Kb4 Ka6 44. Ka4 Kb7 45. Ka5 Ka7 46. b4 Kb7 47. b5 cxb5 48. Kxb5 1-0

[Event "AUT-chT2W 1314"]
[Site "Austria"]
[Date "2014.01.19"]
[Round "8.3"]
[White "Gaertner, Guntram"]
[Black "Wieneroiter, Gerald"]
[Result "1-0"]
[WhiteElo "2299"]
[BlackElo "2156"]
[PlyCount "95"]
[EventDate "2013.10.18"]
[EventType "team-tourn"]
[EventRounds "11"]
[EventCountry "AUT"]
[SourceTitle "EXT 2015"]
[Source "ChessBase"]
[SourceDate "2014.11.20"]
[SourceVersion "1"]
[SourceVersionDate "2014.11.20"]
[SourceQuality "1"]
[WhiteTeam "Hohenems II"]
[BlackTeam "Bernhard II"]
[WhiteTeamCountry "AUT"]
[BlackTeamCountry "AUT"]

1. d4 d5 2. c4 c6 3. cxd5 cxd5 4. Nf3 Nc6 5. Nc3 Nf6 6. Bf4 Bf5 7. e3 e6 8. Qb3 Bb4 9. Ne5 Qb6 10. Be2 Nxe5 11. Bxe5 0-0 12. Bxf6 gxf6 13. 0-0 Rfc8 14. Rfc1 Qa5 15. a3 Bxc3 16. Rxc3 Rxc3 17. bxc3 Rc8 18. Rc1 Rc7 19. Qb4 Qxb4 20. axb4 a6 21. Kf1 Kf8 22. Ke1 Ke7 23. Kd2 e5 24. f4 exf4 25. exf4 Be4 26. g4 f5 27. g5 Rc8 28. h4 b5 29. h5 Rc6 30. Rg1 Re6 31. Rg3 Rc6 32. Rh3 Re6 33. Re3 Kd7 34. Bf1 Kd8 35. Bh3 Ke7 36. Re1 Kf8 37. Bf1 Ke7 38. Ra1 Rd6 39. Be2 Rc6 40. h6 Rd6 41. Bh5 Re6 42. Rg1 Kf8 43. Re1 Ke7 44. Bd1 Kf8 45. Be2 Ke7 46. Ra1 Rd6 47. Ra5 Ke8 48. Rxa6 1-0

[Event "AUT-chT2W 1314"]
[Site "Austria"]
[Date "2014.01.17"]
[Round "6.3"]
[White "Lins, Philipp"]
[Black "Gaertner, Guntram"]
[Result "1/2-1/2"]
[WhiteElo "2093"]
[BlackElo "2299"]
[PlyCount "115"]
[EventDate "2013.10.18"]
[EventType "team-tourn"]
[EventRounds "11"]
[EventCountry "AUT"]
[SourceTitle "EXT 2015"]
[Source "ChessBase"]
[SourceDate "2014.11.20"]
[SourceVersion "1"]
[SourceVersionDate "2014.11.20"]
[SourceQuality "1"]
[WhiteTeam "Pradl"]
[BlackTeam "Hohenems II"]
[WhiteTeamCountry "AUT"]
[BlackTeamCountry "AUT"]

1. Nf3 d5 2. g3 Nf6 3. Bg2 c5 4. c4 e6 5. 0-0 Nc6 6. cxd5 exd5 7. d4 Be7 8. Nc3 0-0 9. Bg5 h6 10. Bxf6 Bxf6 11. dxc5 Bxc3 12. bxc3 Be6 13. Nd4 Qa5 14. Qb3 Qxc5 15. Nxe6 fxe6 16. e4 Na5 17. Qb4 Rac8 18. exd5 exd5 19. Rad1 Rfd8 20. Rd3 Qxb4 21. cxb4 Nc6 22. Bxd5+ Kh8 23. a3 Ne5 24. Rdd1 b6 25. Be6 Rb8 26. Kg2 Nc6 27. Bd5 Ne7 28. Bf3 Nf5 29. Rxd8+ Rxd8 30. Rc1 Nd4 31. Be4 Kg8 32. a4 Rd7 33. Bg6 Kf8 34. Re1 Rd8 35. Re4 Nc6 36. Rf4+ Kg8 37. Re4 Kf8 38. Rf4+ Kg8 39. b5 Ne5 40. Bh5 Rd5 41. Be2 Rc5 42. h4 g5 43. hxg5 hxg5 44. Re4 Kf7 45. f4 gxf4 46. gxf4 Nd7 47. Rd4 Ke7 48. Kg3 Nf6 49. Bc4 Nh5+ 50. Kg4 Nf6+ 51. Kf3 Rh5 52. Bd3 Rh3+ 53. Ke2 Rh2+ 54. Ke3 Rh3+ 55. Kd2 Rh4 56. Ke3 Rh3+ 57. Kf2 Rh2+ 58. Kf3 1/2-1/2

[Event "AUT-chT2W 1314"]
[Site "Austria"]
[Date "2013.10.20"]
[Round "3.3"]
[White "Gaertner, Guntram"]
[Black "Klocker, Benedikt"]
[Result "1-0"]
[WhiteElo "2299"]
[BlackElo "2215"]
[PlyCount "55"]
[EventDate "2013.10.18"]
[EventType "team-tourn"]
[EventRounds "11"]
[EventCountry "AUT"]
[SourceTitle "EXT 2014"]
[Source "ChessBase"]
[SourceDate "2013.11.20"]
[SourceVersion "1"]
[SourceVersionDate "2013.11.20"]
[SourceQuality "1"]
[WhiteTeam "Hohenems II"]
[BlackTeam "Dornbirn"]
[WhiteTeamCountry "AUT"]
[BlackTeamCountry "AUT"]

1. b3 d5 2. Bb2 c5 3. e3 e6 4. Nf3 Nc6 5. Bb5 Bd7 6. 0-0 Nf6 7. c4 a6 8. Bxc6 Bxc6 9. Ne5 Rc8 10. Nxc6 Rxc6 11. Bxf6 Qxf6 12. cxd5 exd5 13. Nc3 Bd6 14. Qh5 Qe5 15. Qxe5+ Bxe5 16. Rac1 d4 17. Ne4 dxe3 18. fxe3 b6 19. d4 Bb8 20. dxc5 0-0 21. cxb6 Rxb6 22. Nd2 Re6 23. Nc4 Ba7 24. Rfe1 f5 25. g3 g5 26. Kg2 Re4 27. Rcd1 Rf7 28. Nd6 1-0

[Event "AUT-chT2W 1314"]
[Site "Austria"]
[Date "2013.10.19"]
[Round "2.3"]
[White "Zimmermann, Ulrich"]
[Black "Gaertner, Guntram"]
[Result "1-0"]
[WhiteElo "2271"]
[BlackElo "2299"]
[PlyCount "141"]
[EventDate "2013.10.18"]
[EventType "team-tourn"]
[EventRounds "11"]
[EventCountry "AUT"]
[SourceTitle "EXT 2014"]
[Source "ChessBase"]
[SourceDate "2013.11.20"]
[SourceVersion "1"]
[SourceVersionDate "2013.11.20"]
[SourceQuality "1"]
[WhiteTeam "Rum Rochade"]
[BlackTeam "Hohenems II"]
[WhiteTeamCountry "AUT"]
[BlackTeamCountry "AUT"]

1. Nf3 d5 2. g3 Nf6 3. Bg2 c6 4. 0-0 Bg4 5. d3 Nbd7 6. Nbd2 e6 7. h3 Bxf3 8. Nxf3 Be7 9. Qe1 0-0 10. e4 dxe4 11. dxe4 e5 12. b3 Re8 13. Bb2 Bf8 14. Qe2 Qc7 15. Rfd1 Nc5 16. Nd2 Ne6 17. Nc4 Nd7 18. a4 f6 19. h4 Bc5 20. Rd3 Ndf8 21. c3 Rad8 22. Rad1 Rxd3 23. Rxd3 Rd8 24. b4 Be7 25. Rxd8 Qxd8 26. Bh3 Qd7 27. Kh2 Bd8 28. Bc1 b5 29. axb5 cxb5 30. Ne3 g6 31. Nd5 Kg7 32. Be3 a6 33. c4 Qc6 34. cxb5 axb5 35. Bf1 Nc7 36. Nxc7 Bxc7 37. Qxb5 Qxb5 38. Bxb5 Ne6 39. Ba7 Nd4 40. Bc4 Nc6 41. Bc5 Nb8 42. Be6 Na6 43. Be7 Bb6 44. Kg2 Nc7 45. Bc4 Bd4 46. Kf1 Na8 47. Ke2 Nb6 48. Bb3 f5 49. f3 fxe4 50. fxe4 Na8 51. Kd3 Bf2 52. g4 h5 53. gxh5 gxh5 54. Bd5 Nb6 55. Be6 Bd4 56. Bc5 Kf6 57. Bd5 Bxc5 58. bxc5 Nd7 59. Kc4 Ke7 60. c6 Nb6+ 61. Kc5 Na8 62. Bc4 Nc7 63. Kb6 Kd6 64. Bf7 Na8+ 65. Kb7 Nc7 66. Bxh5 Ne6 67. Kb6 Nc5 68. Bd1 Ne6 69. Bg4 Nc5 70. c7 Na4+ 71. Ka5 1-0

[Event "AUT-chT2W 1314"]
[Site "Austria"]
[Date "2013.10.18"]
[Round "1.3"]
[White "Dobosz, Henryk"]
[Black "Gaertner, Guntram"]
[Result "1/2-1/2"]
[WhiteElo "2368"]
[BlackElo "2299"]
[PlyCount "61"]
[EventDate "2013.10.18"]
[EventType "team-tourn"]
[EventRounds "11"]
[EventCountry "AUT"]
[SourceTitle "EXT 2014"]
[Source "ChessBase"]
[SourceDate "2013.11.20"]
[SourceVersion "1"]
[SourceVersionDate "2013.11.20"]
[SourceQuality "1"]
[WhiteTeam "Bregenz"]
[BlackTeam "Hohenems II"]
[WhiteTeamCountry "AUT"]
[BlackTeamCountry "AUT"]

1. d4 d5 2. c4 c6 3. Nc3 Nf6 4. e3 a6 5. Nf3 b5 6. b3 Bg4 7. Bb2 e6 8. cxd5 cxd5 9. Bd3 Nbd7 10. a4 b4 11. Ne2 a5 12. Bb5 Bxf3 13. gxf3 Be7 14. Rc1 0-0 15. 0-0 Rc8 16. Qd3 Nb8 17. Rxc8 Qxc8 18. Rc1 Qb7 19. Qc2 Ne8 20. Bd3 g6 21. Qc8 Qxc8 22. Rxc8 Nd6 23. Rc5 Bd8 24. Nf4 Bb6 25. Rc2 Rc8 26. Rxc8+ Nxc8 27. Kg2 Kf8 28. Be2 Nd6 29. Nd3 Nd7 30. Nf4 Ke7 31. Bd3 1/2-1/2

[Event "AUT-chT2W 1213"]
[Site "Austria"]
[Date "2013.01.12"]
[Round "7.2"]
[White "Harringer, Franz"]
[Black "Gaertner, Guntram"]
[Result "1/2-1/2"]
[WhiteElo "2214"]
[BlackElo "2331"]
[PlyCount "60"]
[EventDate "2012.10.05"]
[EventType "team-tourn"]
[EventRounds "11"]
[EventCountry "AUT"]
[SourceTitle "EXT 2014"]
[Source "ChessBase"]
[SourceDate "2013.11.20"]
[SourceVersion "1"]
[SourceVersionDate "2013.11.20"]
[SourceQuality "1"]
[WhiteTeam "ASK"]
[BlackTeam "Hohenems II"]
[WhiteTeamCountry "AUT"]
[BlackTeamCountry "AUT"]

1. e4 c6 2. d4 d5 3. e5 c5 4. dxc5 e6 5. Be3 Ne7 6. c3 Nf5 7. Bd4 Bd7 8. Nf3 Nc6 9. Bd3 Nfxd4 10. cxd4 b6 11. 0-0 bxc5 12. dxc5 Nb4 13. Nc3 Nxd3 14. Qxd3 Bxc5 15. Rac1 Be7 16. Nb5 0-0 17. Nbd4 Qb6 18. Rc2 Rfc8 19. Rb1 Rxc2 20. Qxc2 Rc8 21. Qd3 a5 22. h4 h6 23. Qe3 Qd8 24. g3 a4 25. Kh2 Rb8 26. Qc3 Rc8 27. Qe3 Rb8 28. Qc3 Qc8 29. Qe3 Qd8 30. Qc3 Rc8 1/2-1/2

[Event "AUT-chT2W 1213"]
[Site "Austria"]
[Date "2012.10.05"]
[Round "1.5"]
[White "Gaertner, Guntram"]
[Black "Bezler, Rainer"]
[Result "1/2-1/2"]
[WhiteElo "2331"]
[BlackElo "2242"]
[PlyCount "94"]
[EventDate "2012.10.05"]
[EventType "team-tourn"]
[EventRounds "11"]
[EventCountry "AUT"]
[SourceTitle "EXT 2013"]
[Source "ChessBase"]
[SourceDate "2012.11.22"]
[SourceVersion "1"]
[SourceVersionDate "2012.11.22"]
[SourceQuality "1"]
[WhiteTeam "Hohenems II"]
[BlackTeam "Bregenz"]
[WhiteTeamCountry "AUT"]
[BlackTeamCountry "AUT"]

1. d4 d5 2. c4 e6 3. Nc3 c6 4. cxd5 exd5 5. Bf4 Bf5 6. e3 Nf6 7. Nge2 Nh5 8. Be5 Nd7 9. Ng3 Nxg3 10. Bxg3 Be7 11. Bd3 Bxd3 12. Qxd3 0-0 13. 0-0 Bh4 14. Ne2 Re8 15. Rac1 Bxg3 16. Nxg3 Nf6 17. b4 a6 18. a4 Qd6 19. Rb1 Ne4 20. Nxe4 Rxe4 21. b5 c5 22. dxc5 Qxc5 23. bxa6 bxa6 24. Rfd1 Rxa4 25. Qxd5 Qxd5 26. Rxd5 g6 27. g3 Ra7 28. h4 h5 29. Rd8+ Kg7 30. Rbb8 Re4 31. Rb3 a5 32. Ra3 Kf6 33. Kf1 a4 34. Ke2 Rb4 35. Rd2 Rb3 36. Rda2 Rxa3 37. Rxa3 Ke5 38. Kd3 Kd5 39. e4+ Kc5 40. Kc3 Kb5 41. Kb2 Kc4 42. e5 Kd4 43. f4 Ke4 44. Rc3 Kf5 45. Ka3 Kg4 46. Re3 Kf5 47. Rc3 Kg4 1/2-1/2

[Event "AUT-chT2W 1112"]
[Site "Austria"]
[Date "2012.03.10"]
[Round "10.2"]
[White "Krstic, Uros"]
[Black "Gaertner, Guntram"]
[Result "1-0"]
[WhiteElo "2459"]
[BlackElo "2332"]
[PlyCount "97"]
[EventDate "2011.10.07"]
[EventType "team-tourn"]
[EventRounds "11"]
[EventCountry "AUT"]
[SourceTitle "EXT 2013"]
[Source "ChessBase"]
[SourceDate "2012.11.22"]
[SourceVersion "1"]
[SourceVersionDate "2012.11.22"]
[SourceQuality "1"]
[WhiteTeam "Schwarzach"]
[BlackTeam "Hohenems II"]
[WhiteTeamCountry "AUT"]
[BlackTeamCountry "AUT"]

1. e4 c6 2. d4 d5 3. Nd2 dxe4 4. Nxe4 Bf5 5. Ng3 Bg6 6. h4 h6 7. Nf3 Nd7 8. h5 Bh7 9. Bd3 Bxd3 10. Qxd3 e6 11. Bd2 Ngf6 12. 0-0-0 Qc7 13. Ne4 0-0-0 14. g3 Nc5 15. Nxc5 Bxc5 16. c4 Qe7 17. a3 Rhe8 18. Bc3 Bd6 19. Qe2 Qc7 20. Kb1 Kb8 21. Ne5 Ka8 22. f4 b5 23. cxb5 Bxe5 24. dxe5 Rxd1+ 25. Rxd1 Nd5 26. Rc1 cxb5 27. Qxb5 Rb8 28. Qd3 Rb3 29. Ka2 Qb7 30. Qc2 Nxc3+ 31. bxc3 Rb6 32. Rd1 Qc7 33. Qe4+ Kb8 34. Qd4 Kc8 35. Rd3 Rc6 36. Kb3 Qb6+ 37. Kc2 Qxd4 38. Rxd4 Ra6 39. a4 Rb6 40. Rc4+ Kd7 41. Rb4 Kc6 42. Rxb6+ Kxb6 43. g4 Kc5 44. Kd3 Kd5 45. c4+ Kc5 46. Kc3 a5 47. Kd3 Kb4 48. Kd4 Kxa4 49. Kc3 1-0

[Event "AUT-chT2W 1112"]
[Site "Austria"]
[Date "2012.03.09"]
[Round "9.2"]
[White "Gaertner, Guntram"]
[Black "Rusche, Johannes"]
[Result "1/2-1/2"]
[WhiteElo "2332"]
[BlackElo "2233"]
[PlyCount "57"]
[EventDate "2011.10.07"]
[EventType "team-tourn"]
[EventRounds "11"]
[EventCountry "AUT"]
[SourceTitle "EXT 2013"]
[Source "ChessBase"]
[SourceDate "2012.11.22"]
[SourceVersion "1"]
[SourceVersionDate "2012.11.22"]
[SourceQuality "1"]
[WhiteTeam "Hohenems II"]
[BlackTeam "Kufstein/Woergl"]
[WhiteTeamCountry "AUT"]
[BlackTeamCountry "AUT"]

1. Nf3 Nf6 2. b3 e6 3. Bb2 Be7 4. e3 0-0 5. Be2 c5 6. 0-0 Nc6 7. c4 d5 8. cxd5 Nxd5 9. Nc3 Nxc3 10. Bxc3 b6 11. Qc2 Bf6 12. Bxf6 Qxf6 13. d4 Nb4 14. Qe4 Ba6 15. Bxa6 Nxa6 16. Qb7 Nb4 17. dxc5 bxc5 18. Qe4 a5 19. Ne5 Rfd8 20. Nd7 Qe7 21. Nb6 Ra6 22. Na4 Rad6 23. a3 Nd3 24. Qc4 Qc7 25. Qc2 Rd5 26. Nc3 R5d7 27. Na4 Rd5 28. Nc3 R5d7 29. Na4 1/2-1/2

[Event "AUT-chT 1112"]
[Site "Austria"]
[Date "2012.01.20"]
[Round "1.6"]
[White "Gaertner, Guntram"]
[Black "Wagner, Stefan"]
[Result "1-0"]
[WhiteElo "2324"]
[BlackElo "2156"]
[PlyCount "113"]
[EventDate "2012.01.20"]
[EventType "team-tourn"]
[EventRounds "11"]
[EventCountry "AUT"]
[SourceTitle "CBM 146 Extra"]
[Source "ChessBase"]
[SourceDate "2012.02.29"]
[SourceVersion "1"]
[SourceVersionDate "2012.02.29"]
[SourceQuality "1"]
[WhiteTeam "Hohenems"]
[BlackTeam "Zwettl"]
[WhiteTeamCountry "AUT"]
[BlackTeamCountry "AUT"]

1. d4 Nf6 2. c4 e6 3. Nc3 d5 4. cxd5 exd5 5. Bg5 Be7 6. e3 c6 7. Qc2 Nbd7 8. Bd3 0-0 9. Nf3 Re8 10. 0-0 Nf8 11. Rab1 a5 12. a3 Ne4 13. Bxe7 Qxe7 14. Bxe4 dxe4 15. Nd2 f5 16. b4 Be6 17. bxa5 Rxa5 18. a4 Rd8 19. Nb3 Ra7 20. Nc5 Bf7 21. Qb2 Nd7 22. Nxd7 Rxd7 23. Qb4 Qd8 24. Rfc1 Re7 25. Qb6 Ra8 26. Qxd8+ Rxd8 27. h3 Bc4 28. Rb6 Bd3 29. Nd1 f4 30. Nb2 fxe3 31. fxe3 Rf8 32. Rb3 Be2 33. Nc4 Bxc4 34. Rxc4 Ra8 35. Rb6 Kf7 36. Rcb4 Ra7 37. a5 Rxa5 38. Rxb7 Ra7 39. Rxa7 Rxa7 40. Rc4 Ra6 41. Rc5 Ra3 42. Kf2 Ra2+ 43. Kg3 Re2 44. Kf4 Rxg2 45. Rxc6 Rh2 46. Kf5 g6+ 47. Ke5 Rxh3 48. Rc7+ Ke8 49. d5 g5 50. Rg7 g4 51. Rxg4 Rxe3 52. Ke6 Rf3 53. d6 Rf8 54. Rg7 Kd8 55. Ra7 Re8+ 56. Kd5 h5 57. Kc6 1-0

[Event "AUT-chT2W 1011"]
[Site "Austria"]
[Date "2011.01.29"]
[Round "7.1"]
[White "Gaertner, Guntram"]
[Black "Schmidt, Georg"]
[Result "1/2-1/2"]
[WhiteElo "2329"]
[BlackElo "2362"]
[PlyCount "105"]
[EventDate "2010.10.15"]
[EventType "team-tourn"]
[EventRounds "11"]
[EventCountry "AUT"]
[SourceTitle "EXT 2012"]
[Source "ChessBase"]
[SourceDate "2011.11.24"]
[SourceVersion "1"]
[SourceVersionDate "2011.11.24"]
[SourceQuality "1"]
[WhiteTeam "Hohenems II"]
[BlackTeam "Mozart"]
[WhiteTeamCountry "AUT"]
[BlackTeamCountry "AUT"]

1. d4 Nf6 2. c4 c5 3. d5 e5 4. Nc3 d6 5. e4 Be7 6. Nf3 Nbd7 7. Be2 0-0 8. 0-0 Ne8 9. a3 g6 10. Bh6 Ng7 11. Qd2 Nf6 12. b4 b6 13. Ne1 Ng4 14. Bxg4 Bxg4 15. f4 exf4 16. Qxf4 f5 17. Nf3 fxe4 18. Qxg4 exf3 19. Bxg7 Kxg7 20. Rxf3 Rxf3 21. Qxf3 Bf6 22. Rf1 Qe7 23. g3 Re8 24. bxc5 bxc5 25. Ne2 Qe3+ 26. Qxe3 Rxe3 27. Nf4 Bd4 28. Kg2 Kf6 29. Rf3 Re4 30. Ne6+ Ke7 31. Ng5 Re2+ 32. Kf1 Rxh2 33. Rf7+ Ke8 34. Rxa7 Be5 35. Nxh7 Bxg3 36. Nf6+ Kd8 37. Ne4 Be5 38. Ra6 Kc7 39. Ra7+ Kb8 40. Ra6 Kc7 41. Ra7+ Kd8 42. Ra8+ Ke7 43. Ra7+ Kf8 44. Ra6 Rc2 45. Nxd6 Bxd6 46. Rxd6 Kf7 47. a4 Rxc4 48. a5 Ra4 49. a6 g5 50. Rc6 Ke7 51. Rxc5 Rxa6 52. d6+ Rxd6 53. Rxg5 1/2-1/2

[Event "AUT-chT2W 0910"]
[Site "Austria"]
[Date "2010.03.12"]
[Round "9.1"]
[White "Krstic, Uros"]
[Black "Gaertner, Guntram"]
[Result "1/2-1/2"]
[WhiteElo "2377"]
[BlackElo "2325"]
[PlyCount "63"]
[EventDate "2009.10.23"]
[EventType "team-tourn"]
[EventRounds "11"]
[EventCountry "AUT"]
[SourceTitle "EXT 2011"]
[Source "ChessBase"]
[SourceDate "2010.11.26"]
[SourceVersion "1"]
[SourceVersionDate "2010.11.26"]
[SourceQuality "1"]
[WhiteTeam "Schwarzach"]
[BlackTeam "Hohenems II"]
[WhiteTeamCountry "AUT"]
[BlackTeamCountry "AUT"]

1. e4 e6 2. d4 d5 3. Nd2 Be7 4. Ngf3 Nf6 5. e5 Nfd7 6. Bd3 c5 7. c3 b6 8. 0-0 Ba6 9. Bxa6 Nxa6 10. Qe2 Nc7 11. c4 0-0 12. Rd1 Qc8 13. cxd5 Nxd5 14. Ne4 cxd4 15. Rxd4 Nc5 16. Nxc5 Qxc5 17. Rc4 Qb5 18. a4 Qa6 19. Bg5 Rac8 20. Rac1 Rxc4 21. Qxc4 Qxc4 22. Rxc4 Bc5 23. Kf1 h6 24. Bd2 Be7 25. Ke2 a6 26. Ne1 b5 27. Rc6 Ra8 28. b3 Kf8 29. Nd3 Ke8 30. g3 Kd7 31. Rc2 Rc8 32. Rxc8 1/2-1/2

[Event "AUT-chT2W 0910"]
[Site "Austria"]
[Date "2010.01.31"]
[Round "8.1"]
[White "Gaertner, Guntram"]
[Black "Webersberger, Johann"]
[Result "0-1"]
[WhiteElo "2325"]
[BlackElo "2367"]
[PlyCount "120"]
[EventDate "2009.10.23"]
[EventType "team-tourn"]
[EventRounds "11"]
[EventCountry "AUT"]
[SourceTitle "EXT 2011"]
[Source "ChessBase"]
[SourceDate "2010.11.26"]
[SourceVersion "1"]
[SourceVersionDate "2010.11.26"]
[SourceQuality "1"]
[WhiteTeam "Hohenems II"]
[BlackTeam "Ranshofen"]
[WhiteTeamCountry "AUT"]
[BlackTeamCountry "AUT"]

1. d4 d6 2. c4 g6 3. e4 Bg7 4. Nc3 e5 5. Be3 exd4 6. Bxd4 Nf6 7. Nd5 0-0 8. Nxf6+ Bxf6 9. Bxf6 Qxf6 10. Qd2 Nc6 11. 0-0-0 a6 12. h4 h5 13. f3 b5 14. Qg5 Qg7 15. Qd5 Bd7 16. c5 Rfd8 17. cxd6 cxd6 18. Kb1 Rac8 19. Qd2 d5 20. Bd3 Be6 21. Qe1 Ne5 22. Ne2 Nxd3 23. Rxd3 dxe4 24. Rxd8+ Rxd8 25. Nf4 Bf5 26. fxe4 Re8 27. Ka1 Rxe4 28. Qd2 Qd4 29. Qxd4 Rxd4 30. g3 Rd2 31. a3 Kg7 32. Rc1 Rf2 33. Rc6 Rf3 34. Rc3 Be4 35. Nh3 a5 36. Rxf3 Bxf3 37. Kb1 Kf6 38. Kc2 Ke5 39. Kd3 f6 40. Ke3 Bg4 41. Nf4 g5 42. Ng6+ Kd5 43. Ne7+ Kd6 44. Ng8 Ke5 45. Ne7 Bd7 46. g4 Bxg4 47. Nc6+ Kd5 48. Nxa5 gxh4 49. Nb3 h3 50. Kf2 f5 51. Nd2 f4 52. b3 Kd4 53. a4 Kd3 54. Nf1 bxa4 55. bxa4 Be2 56. Nh2 Kd2 57. a5 Kd1 58. a6 Bxa6 59. Kf3 Ke1 60. Kxf4 Kf2 0-1

[Event "AUT-chT 0708"]
[Site "Austria"]
[Date "2008.03.13"]
[Round "8.6"]
[White "Gaertner, Guntram"]
[Black "Perhinig, Robert"]
[Result "1/2-1/2"]
[WhiteElo "2328"]
[BlackElo "2272"]
[PlyCount "146"]
[EventDate "2007.11.30"]
[EventType "team"]
[EventRounds "11"]
[EventCountry "AUT"]
[SourceTitle "EXT 2009"]
[Source "ChessBase"]
[SourceDate "2008.11.26"]
[SourceVersion "1"]
[SourceVersionDate "2008.11.26"]
[SourceQuality "1"]
[WhiteTeam "Hohenems"]
[BlackTeam "Gleisdorf"]
[WhiteTeamCountry "AUT"]
[BlackTeamCountry "AUT"]

1. d4 Nf6 2. c4 e6 3. Nc3 Bb4 4. Bg5 c5 5. d5 Bxc3+ 6. bxc3 h6 7. Bh4 d6 8. e3 e5 9. Qc2 Kd7 10. Nf3 Kc7 11. Nd2 g5 12. Bg3 Nh5 13. Bd3 Ng7 14. f4 exf4 15. exf4 Re8+ 16. Kd1 Nd7 17. Kc1 Nf6 18. fxg5 hxg5 19. Rf1 Ngh5 20. Ne4 Nxe4 21. Rxf7+ Re7 22. Rxe7+ Qxe7 23. Bxe4 Nxg3 24. hxg3 Bd7 25. Kb2 Re8 26. Bd3 Rf8 27. Qd2 Qe5 28. Rf1 Rxf1 29. Bxf1 Qxg3 30. Bd3 Qf4 31. Qxf4 gxf4 32. Kc1 Kd8 33. Kd2 Ke7 34. Ke2 Bg4+ 35. Kf2 Kf6 36. a3 Ke5 37. Ke1 Bf5 38. Bf1 Ke4 39. Kd2 Ke5 40. Be2 Bd7 41. Bf3 Bf5 42. Be2 Be4 43. Bf1 a6 44. Ke1 Bf5 45. a4 a5 46. Be2 Bc2 47. Bd1 Bxd1 48. Kxd1 Kf5 49. Ke2 Kg4 50. Kd3 f3 51. gxf3+ Kxf3 52. Kd2 Kf2 53. Kd3 Ke1 54. Ke4 Kd2 55. Kf5 Kxc3 56. Ke6 Kxc4 57. Kxd6 Kb4 58. Kc7 c4 59. d6 c3 60. d7 c2 61. d8Q c1Q+ 62. Kxb7 Qh1+ 63. Kb6 Qh6+ 64. Kb7 Qg7+ 65. Ka6 Qg6+ 66. Kb7 Qf7+ 67. Kb6 Qe6+ 68. Ka7 Kxa4 69. Qd4+ Kb5 70. Qb2+ Ka4 71. Qd4+ Kb3 72. Qd3+ Kb4 73. Qd2+ Ka4 1/2-1/2